[Event "Eurasia Cup op"]
[Site "Ekaterinburg"]
[Date "2019.08.07"]
[Round "7"]
[White "Gass, Igor"]
[Black "Erokhin, Artem"]
[Result "0-1"]
[WhiteElo "1586"]
[BlackElo "1801"]
[PlyCount "50"]
[EventDate "2019.07.31"]
[EventType "swiss"]
[EventRounds "9"]
[EventCountry "RUS"]
[SourceTitle "CBM 191 Extra"]
[Source "ChessBase"]
[SourceDate "2019.09.30"]
[SourceVersion "1"]
[SourceVersionDate "2019.09.30"]
[SourceQuality "1"]

1. d4 d5 2. c4 c6 3. Nc3 Nf6 4. Nf3 dxc4 5. a4 Bf5 6. e3 e6 7. Bxc4 Bb4 8. 0-0 0-0 9. Ne5 Nbd7 10. f4 Bxc3 11. bxc3 Ne4 12. Qb3 Nxe5 13. fxe5 b6 14. Be2 Rc8 15. Bf3 Qg5 16. Qb2 f6 17. Bxe4 Bxe4 18. exf6 Rxf6 19. Rxf6 gxf6 20. Qf2 Kf7 21. Ba3 Rg8 22. Ra2 Bxg2 23. Qg3 Bd5 24. Re2 Qh5 25. Rg2 Rxg3 0-1

[Event "Eurasia Cup op"]
[Site "Ekaterinburg"]
[Date "2019.08.01"]
[Round "2"]
[White "Gass, Igor"]
[Black "Babanov, Aleksandr"]
[Result "1-0"]
[WhiteElo "1586"]
[BlackElo "1957"]
[PlyCount "62"]
[EventDate "2019.07.31"]
[EventType "swiss"]
[EventRounds "9"]
[EventCountry "RUS"]
[SourceTitle "CBM 191 Extra"]
[Source "ChessBase"]
[SourceDate "2019.09.30"]
[SourceVersion "1"]
[SourceVersionDate "2019.09.30"]
[SourceQuality "1"]

1. d4 g6 2. c4 Bg7 3. Nc3 d6 4. e4 Nc6 5. Be3 e5 6. d5 Nce7 7. Nf3 f5 8. Bg5 Nf6 9. Bd3 0-0 10. 0-0 fxe4 11. Nxe4 Nxe4 12. Bxe4 Qe8 13. Qd2 Bf5 14. Qe3 Bg4 15. h3 Bxf3 16. Bxf3 Nf5 17. Qd3 Nd4 18. Be4 Qd7 19. f4 h6 20. fxe5 dxe5 21. Bd2 g5 22. b4 c6 23. Bc3 Rf4 24. Rxf4 gxf4 25. Bxd4 exd4 26. dxc6 bxc6 27. Qf3 Rc8 28. Qxf4 Rf8 29. Qd2 d3 30. Re1 Qd4+ 31. Kh1 Rd8 1-0